| 000 | 00399nam a2200181Ia 4500 | ||
|---|---|---|---|
| 008 | 210210b1815 xxu||||| |||| 00| 0 eng d | ||
| 041 | _aeng | ||
| 082 | _a485/36 | ||
| 100 | _a- | ||
| 245 | _aRadicals of sanskrit language | ||
| 260 |
_aLondon _b- _c1815 |
||
| 650 | _asanskrit | ||
| 650 | _aRadicals | ||
| 650 | _aof | ||
| 650 | _alanguage | ||
| 690 | _aSanskrit Language | ||
| 906 | _a007012 | ||
| 999 |
_c141052 _d141052 |
||